| 000 | 00403 a2200157 4500 | ||
|---|---|---|---|
| 005 | 20250414135447.0 | ||
| 020 | _a0-256-18150-0 | ||
| 082 | _a657.046 HOY | ||
| 100 | _aHOYLE, J. B. | ||
| 245 | _aAdvanced Accounting | ||
| 250 | _a5th Ed. | ||
| 260 |
_aBoston, _bIrwin/McGraw-Hill, _c1998. |
||
| 300 |
_axxiv, 916p.: table _bIndex. _c28cm. |
||
| 700 | _aSCHAEFER, T. F & DOUPNIK, T. S. | ||
| 942 |
_2ddc _cBKS |
||
| 999 |
_c1394 _d1394 |
||